| 000 | 00974nam a2200229Ii 4500 | ||
|---|---|---|---|
| 003 | JO-AjNU | ||
| 008 | 230605s9999||||xx |||||||||||||| ||und|| | ||
| 017 | _a2010/7/2758 | ||
| 020 | _a978-9957-24-672-3 | ||
| 040 |
_aJO-AjNU _bara _erda _cJO-AjNU |
||
| 041 | _aara | ||
| 050 | 1 | 4 | _aLB1025.3.I88 2011 |
| 100 | 3 |
_aالخزاعلة،محمد سلمان فياض مؤلف/السخني،حسين عبد الرحمن م.مشارك/الشقصي،عبدالله بن جمعة م.مشارك/الشوبكي،عساف عبد ربه م.مشارك, _eauthor _930936 |
|
| 245 | 0 | 0 | _aالإستراتيجيات التربوية ومهارات الإتصال التربوي |
| 250 | _aط1 | ||
| 264 | 3 | 1 | _aعمان:دار صفاء للنشر والتوزيع،2011 |
| 300 | _a367ص | ||
| 336 |
_atext _btxt _2rdacontent |
||
| 337 |
_aunmediated _bn _2rdamedia |
||
| 338 |
_avolume _bnc _2rdacarrier |
||
| 650 | 4 |
_aطرق التدريس-التربية-دراسات وتعلم _930937 |
|
| 999 |
_aA12319 _c15887 _d15887 |
||